Bài tập cơ học đất

Quyển sách bài tập dành cho sinh viên các trường đại học nâng cao thực hành tính toán khả năng chịu lực và biến dạng của đất, tính ổn định của mái đất và áp lực của đất lên tường chắn...

Đã lưu trong:
書目詳細資料
主要作者: Tạ, Đức Thịnh
格式: 圖書
語言:Undetermined
出版: Hà Nội Xây dựng 2005
主題:
標簽: 添加標簽
沒有標簽, 成為第一個標記此記錄!
Thư viện lưu trữ: Trung tâm Học liệu Trường Đại học Cần Thơ
LEADER 00934nam a2200217Ia 4500
001 CTU_121890
008 210402s9999 xx 000 0 und d
020 |c 29000 
082 |a 624.15136 
082 |b Th312 
100 |a Tạ, Đức Thịnh 
245 0 |a Bài tập cơ học đất 
245 0 |c Tạ Đức Thịnh, Nguyễn Huy Phương, Nguyễn Văn Phóng 
260 |a Hà Nội 
260 |b Xây dựng 
260 |c 2005 
520 |a Quyển sách bài tập dành cho sinh viên các trường đại học nâng cao thực hành tính toán khả năng chịu lực và biến dạng của đất, tính ổn định của mái đất và áp lực của đất lên tường chắn... 
650 |a Soil machanics,Cơ học đất 
650 |x Bài tập 
904 |i Thủy 
980 |a Trung tâm Học liệu Trường Đại học Cần Thơ